000 00560nam a2200205 a 4500
003 SISC
005 20160610135631.0
008 070629s19uu xx 00 eng d
020 _a8120725778
050 _aGV 917
_b.M627 2006
100 _aMiddlebrook, Ralph.
245 _aAll you wanted to know about cricket /
_cRalph Middlebrook.
260 _aIndia :
_bNew Dawn Publishing,
_c2006.
300 _a160 pages :
_billustrations ;
_c16 cm.
650 _aCricket.
650 _aRecreation.
650 _aGames.
942 _cBK
_2lcc
_kFOR
999 _c22093
_d22093